|
|
|
|
| LEADER |
00000cam a2200000 4500 |
| 001 |
vtls011906781 |
| 003 |
SK-MaSNL |
| 005 |
20260302023920.0 |
| 008 |
220509s2019 xo grlp 001 0 slo |
| 015 |
|
|
|a SNBA2021/03
|
| 020 |
|
|
|a 9788089603763
|q (viazané)
|
| 035 |
|
|
|a urn:nbn:sk:snk-am00gg7q
|
| 035 |
|
|
|a urn:nbn:sk:snk-am3j60j
|
| 035 |
|
|
|a 45387DF1-D19A-4719-B3F7-9BF196B99A23
|
| 040 |
|
|
|a SNK
|b slo
|c SNK
|e rda
|
| 041 |
0 |
|
|a slo
|
| 044 |
|
|
|a xo
|c SK
|
| 072 |
|
7 |
|a 342
|x Ústavné právo. Správne právo
|2 konspekt
|
| 080 |
|
|
|a 342.924
|2 2011
|
| 080 |
|
|
|a 346.92
|2 2011
|
| 080 |
|
|
|a (075.8)
|2 2011
|
| 100 |
1 |
|
|a Vrabko, Marián,
|d 1955-
|4 aut
|9 206197
|
| 245 |
1 |
0 |
|a Správne právo procesné
|b všeobecná časť
|c Marián Vrabko a kolektív
|
| 250 |
|
|
|a 2. vydanie
|
| 264 |
|
1 |
|a Bratislava
|b C.H. Beck
|c 2019
|
| 300 |
|
|
|a 203 strán
|c 22 cm
|
| 336 |
|
|
|a text
|b txt
|2 rdacontent
|
| 337 |
|
|
|a bez média
|b n
|2 rdamedia
|
| 338 |
|
|
|a zväzok
|b nc
|2 rdacarrier
|
| 490 |
1 |
|
|a Academia Iuris
|
| 504 |
|
|
|a Obsahuje bibliografické odkazy ; register
|
| 650 |
0 |
7 |
|a správne právo procesné
|2 SNKPH
|9 4515
|
| 650 |
0 |
7 |
|a správne konanie
|2 SNKPH
|9 50025
|
| 650 |
0 |
7 |
|a Procedural administrative law
|2 SNKPHeng
|9 313563
|
| 650 |
0 |
7 |
|a Administrative procedure
|2 SNKPHeng
|9 308555
|
| 655 |
|
7 |
|a učebnice vysokých škôl
|2 SNKPH
|9 70191
|
| 655 |
|
7 |
|a Textbooks (higher)
|2 SNKPHeng
|9 276436
|
| 700 |
1 |
|
|a Martvoň, Anton,
|d 1980-
|4 aut
|9 195244
|
| 700 |
1 |
|
|a Munková, Veronika
|4 aut
|9 352797
|
| 700 |
1 |
|
|a Pekár, Bernard,
|d 1977-
|4 aut
|9 209571
|
| 700 |
1 |
|
|a Srebalová, Mária,
|d 1968-
|4 aut
|9 240431
|
| 700 |
1 |
|
|a Škrobák, Ján,
|d 1981-
|4 aut
|9 228556
|
| 700 |
1 |
|
|a Tóthová, Katarína,
|d 1940-
|4 aut
|9 201924
|
| 700 |
1 |
|
|a Vačok, Juraj,
|d 1983-
|4 aut
|9 207993
|
| 700 |
1 |
|
|a Hamuľáková, Zuzana,
|d 1987-
|4 aut
|9 251211
|
| 830 |
|
0 |
|a Academia Iuris
|9 370619
|
| 919 |
|
|
|a 978-80-89603-76-3
|
| 958 |
|
|
|a NB
|
| 958 |
|
|
|a SP
|
| 999 |
|
|
|c 1038460
|d 1040390
|
| 952 |
|
|
|a SNK
|b SNK
|y PREZ
|7 0
|p 17A1415941
|o snkSC 187970
|i snk2020/3830
|8 0
|0 0
|1 0
|4 0
|d 2020-02-18
|f 1
|l 0
|r 2026-02-24 14:15:55
|w 2026-02-24
|
| 952 |
|
|
|a SNK
|b SNKPULT
|y VYP
|7 0
|p 17A1415942
|o snkSC 187970 D1
|i snk2020/3831
|8 0
|3 Popísaná
|0 0
|1 0
|4 0
|d 2020-02-18
|l 1
|m 3
|q 2026-06-12
|r 2026-02-28 18:45:27
|s 2026-02-28
|w 2026-02-24
|